Highest GDP per capita per working hours - Statistics

General Stats
  • This quiz has been taken 24 times
  • The average score is 18 of 20
Answer Stats
$/working hour Answer % Correct
38.9 Germany
100%
32.7 Canada
96%
39.9 Australia
92%
36.5 Belgium
92%
51.1 Denmark
92%
37.4 Finland
92%
57.9 Iceland
92%
80.9 Ireland
92%
99.0 Liechtenstein
92%
87.1 Luxembourg
92%
52.5 Netherlands
92%
65.2 Norway
92%
40.7 Sweden
92%
61.2 Switzerland
92%
35.3 United Kingdom
88%
47.7 United States of America
88%
41.8 Austria
79%
31.4 San Marino
79%
40.7 Singapore
79%
33.0 Israel
58%
No matching quizzes found
Score Distribution
Percent of People with Each Score
Percentile by Number Answered
Your Score History
You have not taken this quiz